000 00215nam a2200085Ia 4500
245 0 _aHattie the bad
100 _a DEVLIN, Jane London, 2009
_984336
942 _cBK
008 210817s9999 xx 000 0 und d
999 _c308877
_d308876